000
00319nam a2200145Ia 4500
008
230917s9999||||xx |||||||||||||| ||und||
040
_e
5001429
_a
MAIN
041
_a
English
082
_a
181.4 T738B
100
_a
Tripathi, Baburam
245
0
_a
Bharatiya darshan
260
_c
1978
300
_a
253 p.
942
_c
BK
999
_c
9102
_d
9102